Antología lineal de la poesía argentina / (Record no. 24625)
[ view plain ]
| 000 -LEADER | |
|---|---|
| campo de control de longitud fija | 00825nam a2200229 i 4500 |
| 001 - NÚMERO DE CONTROL | |
| campo de control | 24625 |
| 003 - IDENTIFICADOR DE NÚMERO DE CONTROL | |
| campo de control | ES-MaACL |
| 005 - FECHA Y HORA DE LA ÚLTIMA TRANSACCIÓN | |
| campo de control | 20251013191939.0 |
| 007 - CAMPO FIJO DE DESCRIPCIÓN FÍSICA--INFORMACIÓN GENERAL | |
| campo de control de longitud fija | t| |
| 008 - DATOS DE LONGITUD FIJA--INFORMACIÓN GENERAL | |
| campo de control de longitud fija | 021218s1968 sp ||||1| spa d |
| 245 00 - MENCIÓN DEL TÍTULO | |
| Título | Antología lineal de la poesía argentina / |
| Mención de responsabilidad, etc. | César Fernández Moreno y Horacio Jorge Becco. |
| 260 ## - PUBLICACIÓN, DISTRIBUCIÓN, ETC. | |
| Lugar de publicación, distribución, etc. | Madrid : |
| Nombre del editor, distribuidor, etc. | Gredos, |
| Fecha de publicación, distribución, etc. | [1968] |
| 300 ## - DESCRIPCIÓN FÍSICA | |
| Extensión | 384 p. ; |
| Dimensiones | 19 cm. |
| 490 1# - MENCIÓN DE SERIE | |
| Mención de serie | Biblioteca románica hispánica. VI, Antología hispánica ; |
| Designación de volumen o secuencia | 26 |
| 650 07 - PUNTO DE ACCESO ADICIONAL DE MATERIA--TÉRMINO DE MATERIA | |
| Término de materia o nombre geográfico como elemento de entrada | Poesía argentina- |
| Subdivisión cronológica | S. XX |
| Fuente del encabezamiento o término | |
| 9 (RLIN) | 154637 |
| 700 0# - ENTRADA AGREGADA--NOMBRE PERSONAL | |
| Nombre de persona | Fernández Moreno, César, |
| Fechas asociadas al nombre | 1919-1985 |
| 9 (RLIN) | 49941 |
| 700 1# - ENTRADA AGREGADA--NOMBRE PERSONAL | |
| Nombre de persona | Becco, Horacio Jorge, |
| Fechas asociadas al nombre | 1924- |
| 9 (RLIN) | 66953 |
| 830 0# - PUNTO DE ACCESO ADICIONAL DE SERIE-TÍTULO UNIFORME | |
| Título uniforme | Biblioteca románica hispánica. VI, Antología hispánica ; |
| Designación de volumen o secuencia | 26 |
| 9 (RLIN) | 180838 |
| 852 ## - LOCALIZACIÓN | |
| Ubicación | ES-MaACL |
| Número de control de estantería | C-34771 |
| Sublocalización o colección | R.67523 |
| 942 ## - ELEMENTOS DE ENTRADA SECUNDARIOS (KOHA) | |
| Fuente del sistema de clasificación o colocación | Clasificación decimal universal |
| Estatus retirado | Estado de pérdida | Estado de daño | No para préstamo | Biblioteca de origen | Biblioteca actual | Ubicación en estantería | Fecha de adquisición | Fuente de adquisición | Total de préstamos | Signatura topográfica completa | Código de barras | Visto por última vez | Precio de reemplazo | Tipo de ítem Koha |
|---|---|---|---|---|---|---|---|---|---|---|---|---|---|---|
| Biblioteca del Ateneo de Madrid | Biblioteca del Ateneo de Madrid | Depósito 2 | 17/01/2008 | C-34771 | 1025389 | 23/02/2023 | 23/02/2023 | Libro impreso |
